Factor Analysis and Its Application in Innovation Management within Manufacturing Enterprises in Romania

Návrh zoznamu kľúčových inovačných faktorov a vytvorenie modelu umožňujúceho predpovedať vplyv významných inovačných faktorov na náklady na výskum a vývoj pre rumunské podniky.

Enregistré dans:
Détails bibliographiques
Auteur principal: Michálková, Lucia
Autres auteurs: Frajtová - Michalíková, Katarína, Tănase, Alina
Format: Chapitre de livre
Langue:anglais
Sujets:
Tags: Ajouter un tag
Pas de tags, Soyez le premier à ajouter un tag!

MARC

LEADER 00000naa a2200000 4500
001 0265123
005 20221104111248.9
041 0 |a eng 
044 |a SK 
245 1 0 |a Factor Analysis and Its Application in Innovation Management within Manufacturing Enterprises in Romania  |c Lucia Michálková, Katarína Frajtová - Michalíková, Alina Tănase 
520 |a Návrh zoznamu kľúčových inovačných faktorov a vytvorenie modelu umožňujúceho predpovedať vplyv významných inovačných faktorov na náklady na výskum a vývoj pre rumunské podniky. 
610 2 0 |a inovácia 
610 2 0 |a analýza faktorová 
610 2 0 |a modely 
610 2 0 |a podnik výrobný 
610 2 0 |a Rumunsko 
100 1 |a Michálková, Lucia 
700 1 |a Frajtová - Michalíková, Katarína 
700 1 |a Tănase, Alina